000
00194 a2200097 4500
001
9303
100
_a
Moorehead, A
245
_a
The white nile
260
_a
_b
Hamilton
_c
090
_c
7472
_d
7472
942
_a
NUST-CAE
_c
M
_c
34125
999
_c
244376
_d
244376